Govt. of
Madhya Pradesh

RRB 2024 गणित सॉल्‍व्‍ड पेपर (Record no. 66863)

MARC details
000 -LEADER
fixed length control field 00564nam a22001577a 4500
003 - CONTROL NUMBER IDENTIFIER
control field macl
005 - DATE AND TIME OF LATEST TRANSACTION
control field 20240518130050.0
008 - FIXED-LENGTH DATA ELEMENTS--GENERAL INFORMATION
fixed length control field 240518b |||||||| |||| 00| 0 eng d
040 ## - CATALOGING SOURCE
Transcribing agency macl
082 ## - DEWEY DECIMAL CLASSIFICATION NUMBER
Classification number 510
100 ## - MAIN ENTRY--PERSONAL NAME
Personal name यूथ काॅम्पिटिशन टाइम्‍स
9 (RLIN) 82378
245 ## - TITLE STATEMENT
Title RRB 2024 गणित सॉल्‍व्‍ड पेपर
260 ## - PUBLICATION, DISTRIBUTION, ETC. (IMPRINT)
Place of publication, distribution, etc. प्रयागराज
Name of publisher, distributor, etc. यूथ काॅम्पिटिशन टाइम्‍स
Date of publication, distribution, etc. 2024
650 ## - SUBJECT ADDED ENTRY--TOPICAL TERM
Topical term or geographic name as entry element सामान्‍य वर्ग
9 (RLIN) 36
942 ## - ADDED ENTRY ELEMENTS (KOHA)
Source of classification or shelving scheme
Koha item type Hindi Books
Holdings
Withdrawn status Lost status Source of classification or shelving scheme Damaged status Not for loan Home library Current library Date acquired Cost, normal purchase price Total Checkouts Full call number Barcode Date last seen Date last checked out Price effective from Koha item type
          MACL MACL 18/05/2024 795.00 10 510 DPI002147 16/05/2025 07/05/2025 18/05/2024 Hindi Books
          MACL MACL 18/05/2024 795.00 21 510 DPI002146 22/03/2026 05/03/2026 18/05/2024 Hindi Books
          MACL MACL 19/10/2024 795.00 20 510 DPI002535 28/01/2026 10/01/2026 19/10/2024 Competitive Books
          MACL MACL 19/10/2024 795.00 20 510 DPI002534 16/04/2026 02/04/2026 19/10/2024 Competitive Books